| 000 | 01529nam0a2200349 4500 | ||
|---|---|---|---|
| 001 | RU\NLR\bibl\132444 | ||
| 005 | 20260405100226.0 | ||
| 020 |
_aRU _b98-25990 _9Книжная летопись |
||
| 021 |
_aRU _b98-15573 _9736 |
||
| 035 | _a(NLR Aleph) 000129730 | ||
| 090 |
_a740631 _c740631 |
||
| 100 | _a19990528d1997 |||y0rusy50 ca | ||
| 101 | 0 | _arus | |
| 102 | _aRU | ||
| 105 | _aa ||||||||| | ||
| 200 | 1 |
_aАнализ сложных многомодовых спектров возмущений поверхности раздела сред в проблеме гидродинамических неустойчивостей _fВ. Б. Розанов, Р. В. Степанов |
|
| 210 |
_aМ. _cФИАН _d1997 |
||
| 215 |
_a32 с. _cил. _d21 |
||
| 225 | 1 |
_aПрепринт _fРос. акад. наук, Физ. ин-т им. П. Н. Лебедева _v70 |
|
| 610 | 0 | _aЖидкости стратифицированные - Поверхностные слои - - спектроскопические исследования | |
| 675 |
_a532.5 _v3 _zrus |
||
| 686 |
_a30.17 _2rugasnti |
||
| 686 |
_a22.253 _2rubbk |
||
| 700 | 1 |
_aРозанов _gВладимир Борисович _4070 |
|
| 701 | 1 |
_4070 _8rus _7ca _aСтепанов _bР. В. _cфизик _gРоман Вячеславович _3RU\NLR\auth\7736467 _919457 |
|
| 801 | 0 |
_aRU _bRKP _c19990528 _gPSBO |
|
| 801 | 1 |
_aRU _bRKP _c19990528 |
|
| 801 | 2 |
_aRU _bNLR _c20060405 _grcr |
|
| 852 |
_aNLR _j2000-6/867 |
||
| 942 | _cBOOK | ||
| 980 | _aNB | ||